Statistics for US States by Flag Maps

Click here to take the quiz!

General Stats

  • This quiz has been taken 37 times
  • The average score is 45 of 50

Answer Stats

Answer% Correct
Oregon
100%
Nevada
96%
Hawaii
96%
California
96%
Alaska
96%
Idaho
96%
Washington
96%
North Carolina
92%
South Carolina
92%
Tennessee
92%
Kentucky
92%
Illinois
92%
Wisconsin
92%
Michigan
92%
New Jersey
92%
Virginia
92%
Maryland
92%
Pennsylvania
92%
New York
92%
Rhode Island
92%
Massachusetts
92%
Vermont
92%
New Hampshire
92%
Florida
92%
Maine
92%
Kansas
92%
Oklahoma
92%
Arkansas
92%
Iowa
92%
Minnesota
92%
Utah
92%
Colorado
92%
South Dakota
92%
North Dakota
92%
Montana
92%
Texas
92%
Arizona
88%
New Mexico
88%
Wyoming
88%
Alabama
88%
West Virginia
88%
Indiana
88%
Louisiana
88%
Delaware
84%
Missouri
84%
Ohio
84%
Connecticut
84%
Nebraska
84%
Georgia
84%
Mississippi
84%

Score Distribution

Percentile by Number Answered

Percent of People with Each Score

Your Score History

You have not taken this quiz